The political dynamics of Japan / (Record no. 26474)
[ view plain ]
| 000 -LEADER | |
|---|---|
| fixed length control field | 00979cam a22002895a 4500 |
| 001 - CONTROL NUMBER | |
| control field | 007228944 |
| 005 - DATE AND TIME OF LATEST TRANSACTION | |
| control field | 20180404150733.0 |
| 008 - FIXED-LENGTH DATA ELEMENTS--GENERAL INFORMATION | |
| fixed length control field | 931101s1987 ja frb 001 0 eng d |
| 020 ## - INTERNATIONAL STANDARD BOOK NUMBER | |
| International Standard Book Number | 0860085007 |
| 020 ## - INTERNATIONAL STANDARD BOOK NUMBER | |
| International Standard Book Number | 4130370200 |
| 040 ## - CATALOGING SOURCE | |
| Original cataloging agency | Uk |
| Transcribing agency | Uk |
| Language of cataloging | eng |
| Modifying agency | EG-ScBUE |
| 041 1# - LANGUAGE CODE | |
| Language code of text/sound track or separate title | eng |
| Language code of original and/or intermediate translations of text | jpn |
| 082 04 - DEWEY DECIMAL CLASSIFICATION NUMBER | |
| Edition number | 22 |
| Classification number | 320.952 |
| Item number | KYO |
| 100 1# - MAIN ENTRY--PERSONAL NAME | |
| Personal name | Kyōgoku, Jun'ichi, |
| Dates associated with a name | 1924-2016. |
| 240 10 - UNIFORM TITLE | |
| Uniform title | <a href="Nihon no seiji.">Nihon no seiji.</a> |
| Language of a work | English |
| 245 14 - TITLE STATEMENT | |
| Title | The political dynamics of Japan / |
| Statement of responsibility, etc | Jun-ichi Kyogoku ; translated by Nobutaka Ike. |
| 260 ## - PUBLICATION, DISTRIBUTION, ETC. (IMPRINT) | |
| Place of publication, distribution, etc | [Tokyo] : |
| Name of publisher, distributor, etc | University of Tokyo Press, |
| Date of publication, distribution, etc | 1987. |
| 300 ## - PHYSICAL DESCRIPTION | |
| Extent | ix, 239 p. ; |
| Dimensions | 23 cm. |
| 504 ## - BIBLIOGRAPHY, ETC. NOTE | |
| Bibliography, etc | Includes bibliographical references and index. |
| 541 ## - IMMEDIATE SOURCE OF ACQUISITION NOTE | |
| Source of acquisition | Donation from Japan Foundation. |
| 546 ## - LANGUAGE NOTE | |
| Language note | Text in English ; translated from Japanese. |
| 650 #7 - SUBJECT ADDED ENTRY--TOPICAL TERM | |
| Source of heading or term | BUEsh |
| Topical term or geographic name as entry element | Power (Social sciences) |
| Geographic subdivision | Japan |
| 651 #7 - SUBJECT ADDED ENTRY--GEOGRAPHIC NAME | |
| Source of heading or term | BUEsh |
| Geographic name | Japan |
| General subdivision | Politics and government. |
| 9 (RLIN) | 35820 |
| 653 ## - INDEX TERM--UNCONTROLLED | |
| Resource For college | BAEPS, Political Science |
| Arrived date list | April2018 |
| 700 1# - ADDED ENTRY--PERSONAL NAME | |
| Personal name | Ike, Nobutaka, |
| Relator term | translator. |
| 942 ## - ADDED ENTRY ELEMENTS (KOHA) | |
| Source of classification or shelving scheme | Dewey Decimal Classification |
| Withdrawn status | Item status | Source of classification or shelving scheme | Damaged status | Not for loan | Home library | Current library | Shelving location | Date acquired | Source of acquisition | Total Checkouts | Full call number | Barcode | Date last seen | Date last borrowed | Koha item type |
|---|---|---|---|---|---|---|---|---|---|---|---|---|---|---|---|
| Dewey Decimal Classification | Central Library | Central Library | First floor | 04/04/2018 | Donation | 1 | 320.952 KYO | 000047566 | 15/07/2025 | 22/12/2024 | Book - Borrowing |